Mort Subite - Pays possédant un arsenal nucléaire - Statistiques

Statistiques générales
  • Ce quiz a été pris 137 fois
  • Le résultat moyen est 6 sur 9
Answers on the Grid
Answers color-coded by a green-red scale on the quiz's grid according to % correct below.
France
Japon
Etats-Unis
Ukraine
Russie
Israël
Inde
Brésil
Iran
Irak
Corée du Sud
Corée du Nord
Pakistan
Afghanistan
Allemagne
Royaume-Uni
Afrique du Sud
Chine
Australie
Canada
 
Statistiques - réponses
Réponse % Correct
France
85%
Etats-Unis
84%
Russie
75%
Royaume-Uni
71%
Chine
66%
Corée du Nord
65%
Israël
56%
Pakistan
55%
Inde
51%
Aucun quiz correspondant
Distribution des résultats
% des personnes avec chaque résultat
Percentile par nombre de réponses
Votre historique - résultats
Vous n’avez pas pris ce quiz